| 000 | 00373nam a2200145Ia 4500 | ||
|---|---|---|---|
| 005 | 20250729165806.0 | ||
| 008 | 250729s2013 xx 000 0 und d | ||
| 041 | _aeng | ||
| 082 | _a900.25 PINH | ||
| 100 |
_aPinto Xavier _9233099 |
||
| 245 | _aHistory and Civics - 10 th Std | ||
| 260 |
_aKolkatta _bFrank Bros & Co _c2013 |
||
| 300 | _aC-65p | ||
| 650 |
_aHistory _9233100 |
||
| 999 |
_c240112 _d240112 |
||